Faktory ovplyvňujúce potrebu a vývoj kvalifikácie

Salvato in:
Dettagli Bibliografici
Autore principale: Staněk, Peter
Altri autori: Miklovičová, Juliana
Natura: Libro
Lingua:slovacco
Pubblicazione: Bratislava Výskumný ústav sociálneho rozvoja a práce 1985
Serie:Výskum a prax 10
Tags: Aggiungi Tag
Nessun Tag, puoi essere il primo ad aggiungerne!!

MARC

LEADER 00000nam a2200000 4500
001 c035321
005 20240419070919.1
041 0 |a slo 
044 |a SK 
245 1 0 |a Faktory ovplyvňujúce potrebu a vývoj kvalifikácie  |c Peter Stanek, Juliana Miklovičová 
264 1 |a Bratislava  |b Výskumný ústav sociálneho rozvoja a práce  |c 1985 
300 |a 73 s. 
490 1 |a Výskum a prax  |v 10 
830 0 |a Výskum a prax  |v 10 
100 1 |a Staněk, Peter 
700 1 |a Miklovičová, Juliana